Gewohnliche Differentialgleichungen

Saved in:
Bibliographic Details
Main Author: Erwe, Friedhelm
Format: Book
Language:German
Published: Mannheim : Bibliographisches Institut, c1964
Series:B.I.-Hochschultaschenbucher ; ; 19
Subjects:
Tags: Add Tag
No Tags, Be the first to tag this record!

MARC

LEADER 00000cam a2200000 i 4500
001 1/103633
008 090401s1964 ger d
035 |l 10104126 
040 |a GR-MY-UA  |b gre  |e aacr 
041 0 |a ger 
082 0 |a 515.35  |2 (22) 
100 1 |a Erwe, Friedhelm. 
245 1 0 |a Gewohnliche Differentialgleichungen /  |c Friedhelm Erwe 
260 |a Mannheim :   |b Bibliographisches Institut,   |c c1964 
300 |a 149 σ.;  |c 19 εκ. 
490 1 |a B.I.-Hochschultaschenbucher  |v ; 19 
504 |a Περιέχει ευρετήριο 
650 0 0 |a Differential equations. 
830 0 |a B.I.-Hochschultaschenbucher ;  |v ; 19 
852 |a INST  |b SAMOS  |c MAG  |e 20090401  |h 515.35 ERW  |p 005300029000  |q 005300029000  |t BK  |y 0 
901 |a BIBL3-2009-1 
909 |a Σ  |b 155979 
970 |a ΡΟΥΣΣΟΥ  |b ΚΩΝΣΤΑΝΤΙΝΑ  |z 2009/04/01